[Event "Chile Championship Absolute 2022"]
[Site "Las Condes"]
[Date "2022.02.23"]
[Round "7.6"]
[White "Bahamondes Ortiz, Benjamin"]
[Black "Barriga Silva, Felipe"]
[Result "1/2-1/2"]
[WhiteElo "2164"]
[BlackElo "2162"]
[Annotator "TA"]
[PlyCount "161"]
[EventDate "2022.02.18"]
[EventType "tourn"]
[EventCountry "CHI"]
[SourceTitle "playchess.com"]
[Source "ChessBase"]
[SourceQuality "1"]

{[%evp 17,161,0,3,-12,10,16,33,32,27,25,36,1,8,5,6,-11,0,0,9,9,12,0,0,0,32,41,33,40,46,0,54,55,63,62,59,56,103,103,128,0,81,64,60,59,53,53,53,53,83,83,83,80,83,83,135,95,95,80,83,58,57,59,74,74,74,-45,-45,-207,-45,-45,-45,-45,-45,-90,-90,-90,-90,-90,-90,-90,-45,-90,-45,-90,-45,-90,-90,-90,-8,-90,-90,-90,-90,-90,-90,-90,-90,-90,-45,-45,-45,-90,-45,-90,-45,-45,-8,-97,-97,-97,-97,-97,-97,-1390,-404,-12805,-12778,-12300,-6499,-29944,-29944,-29951,-29953,-12796,-7507,-29956,-12826,-29962,-29961,-4602,0,0,0,0,0,0,0,0,0,0,0,0,0,0,0,0]} 1. d4 Nf6 2. c4 e6 3. Nf3 Bb4+ 4. Nc3 c5 5. e3 O-O 6. Bd3 d5 7. a3 Bxc3+ 8. bxc3 Nc6 9. O-O Re8 10. Qc2 {[#] E58: Nimzo-Indian: Rubinstein: Main Line: 7...Nc6 8 a3 Bxc3.} Qe7 $146 ({Predecessor:} 10... dxc4 11. Bxc4 e5 12. dxe5 Nxe5 13. Nxe5 Rxe5 14. Rd1 Qc7 15. f3 Rh5 16. g3 Be6 17. Bxe6 fxe6 18. c4 Rd8 19. e4 Rxd1+ 20. Qxd1 {0-1 (42) Gabulov,I (1580)-Snehin,S (1204) Tornelo INT 2021}) 11. Ne5 $1 dxc4 12. Nxc6 {White is slightly better.} bxc6 13. Bxc4 e5 14. a4 {Black should prevent Ba3.} Be6 15. Bxe6 Qxe6 16. Ba3 c4 17. Rab1 Rab8 18. Bc5 a5 19. Bb6 exd4 20. cxd4 Qe4 21. Qxe4 (21. Qxc4 Rb7 $11) 21... Nxe4 22. Bxa5 Ra8 23. f3 Nf6 (23... Rxa5 $11 24. fxe4 Rxa4) 24. Bd2 $14 Rxa4 25. e4 $1 {Prevents Nd5.} h6 26. Rfc1 Ra2 (26... Nd7 $14) 27. Be1 $16 Nh5 {[%cal Of7f5]} 28. Bg3 ({White should try} 28. g3 $1 $16) 28... Rd2 (28... Nxg3 $11 29. hxg3 f5) 29. Rxc4 {Strongly threatening Be5.} Nxg3 30. hxg3 {[%mdl 4096] Endgame KRR-KRR} Ra8 31. Kh2 Raa2 32. Rg1 $1 h5 33. Kh3 $1 g6 34. g4 hxg4+ 35. Kxg4 Ra3 ({Better is} 35... Rd3) 36. Kf4 Rad3 37. Ke5 Kg7 38. Rb1 Rxg2 39. Rxc6 Rxf3 40. d5 Rd2 {Inhibits Rd1.} 41. d6 (41. Ra6 $16) 41... Rf6 $1 $15 42. Rbb6 $2 (42. Rb8 $15 Re6+ 43. Kf4) 42... Rd3 $2 (42... Re6+ $19 43. Kf4 Rd4) 43. Rb8 {[%cal Ob8g8] aiming for Rg8+!} ({Of course not} 43. Ra6 Re6+ 44. Kf4 Rd4 $17) 43... Re6+ 44. Kf4 Rd4 45. d7 Rxc6 $17 46. d8=Q Rxd8 47. Rxd8 {KR-KR} Rf6+ 48. Kg4 Rf1 (48... Re6 $17 49. Kf4 Kf6) 49. Rd6 (49. e5 $15 {should be considered.}) 49... Kh6 (49... Ra1 $17) 50. Rd8 (50. Rd7 $15 {is superior.}) 50... Rg1+ (50... Re1 $1 $17 {[%cal Re1e4]} 51. Kf3 g5) 51. Kf3 (51. Kf4 $15) 51... Kg5 $1 52. Rd7 Ra1 (52... Kf6 $1 $17) 53. Rd5+ {[#]} (53. e5 $11 {remains equal.}) 53... Kf6 $1 54. Rd6+ Ke5 55. Rd5+ Ke6 56. Rb5 Rf1+ 57. Ke2 Rf6 (57... Rc1 $17) 58. Ke3 $1 $15 Ke7 59. Rb8 {[#]} (59. e5 $1 $15 {is more appropriate.} Rf1 60. Rb8) 59... Rf1 (59... Re6 $1 $17 {White must now prevent ...f5.} 60. Kf3 g5) 60. Ke2 (60. e5 $1 $15 {feels stronger.}) 60... Rf4 ({Black should play} 60... Ra1 $17) 61. Ke3 $1 g5 62. Rg8 (62. Rb7+ $1 $11 Kf6 63. Rb6+ Kg7 64. e5) 62... Kf6 $17 63. Rb8 Kg7 64. Rb5 Kg6 65. Rb6+ $2 {[%mdl 8192]} (65. Rb1 $17) 65... Rf6 $19 66. Rb8 (66. Rb1 $142 Ra6 67. Rb5) 66... Kh5 67. Rh8+ Kg4 68. Rh7 Kg3 69. Rg7 g4 70. e5 Rf1 71. Ke4 f5+ {[%cal Bf7f5,Bf5f4][%mdl 32]} 72. Kd5 f4 73. Ke4 Kh3 $2 (73... Rh1 $19 {( -> ...f3)} 74. Kf5 Rh4) 74. Kf5 $11 {The position is equal.} g3 75. e6 {And now e7 would win.} g2 76. e7 (76. Rh7+ Kg3 77. e7 (77. Rg7+ $2 Kf3 $19) 77... Re1 78. Rg7+ Kf2 $19) 76... Re1 77. Kxf4 {[%cal Rg7h7]} Rf1+ 78. Ke5 Re1+ 79. Kd6 Re3 80. Kd7 Kh2 81. Rxg2+ {And White is the lucky defender.  Weighted Error Value: White=0.27 (precise) /Black=0.22 (precise)} 1/2-1/2

[Event "Chile Championship Absolute 2022"]
[Site "Las Condes"]
[Date "2022.02.24"]
[Round "8.1"]
[White "Palma Neira, Eliseo Maximiliano"]
[Black "Barriga Silva, Felipe"]
[Result "1/2-1/2"]
[WhiteElo "2029"]
[BlackElo "2162"]
[Annotator "RC"]
[PlyCount "109"]
[EventDate "2022.02.18"]
[EventType "tourn"]
[EventCountry "CHI"]
[SourceTitle "playchess.com"]
[Source "ChessBase"]
[SourceQuality "1"]
[TimeControl "5400+30"]

1. d4 {[%emt 0:05:30]} Nf6 {[%emt 0:00:06]} 2. Nf3 {[%emt 0:00:12]} g6 {[%emt 0:00:04]} 3. c4 {[%emt 0:00:20]} Bg7 {[%emt 0:00:05]} 4. g3 {[%emt 0:00:23]} O-O {[%emt 0:00:10]} 5. Bg2 {[%emt 0:00:20]} d6 {[%emt 0:00:19]} 6. O-O {[%emt 0:00:33]} Nbd7 {[%emt 0:00:05]} 7. Nc3 {[%emt 0:00:42]} e5 {[%emt 0:00:13]} 8. d5 {[%emt 0:03:03]} Nc5 {[%emt 0:00:56]} 9. b4 {[%emt 0:01:41]} Nce4 {[%emt 0:00:06]} 10. Nxe4 {[%emt 0:06:21]} Nxe4 {[%emt 0:00:11]} 11. Qe1 {[%emt 0:05:18]} a5 {[%emt 0:04:13]} 12. bxa5 {[%emt 0:07:50]} f5 {[%emt 0:00:38]} 13. Nd2 {[%emt 0:00:43]} Nc5 {[%emt 0:08:26]} 14. Nb3 {[%emt 0:06:29]} Na4 {[%emt 0:04:36]} 15. Bd2 {[%emt 0:04:38]} f4 {[%emt 0:05:42]} 16. Rc1 {[%emt 0:54:27]} g5 {[%emt 0:04:12]} 17. c5 {[%emt 0:00:00]} g4 {[%emt 0:01:54]} 18. f3 {[%emt 0:00:00]} gxf3 {[%emt 0:10:33]} 19. Rxf3 {[%emt 0:00:00]} dxc5 {[%emt 0:03:00]} 20. Rf1 {[%emt 0:00:00]} Qd6 {[%emt 0:06:20]} 21. gxf4 {[%emt 0:00:00]} Bg4 {[%emt 0:16:53]} 22. Rc4 {[%emt 0:00:00]} b5 {[%emt 0:03:42]} 23. axb6 {[%emt 0:00:00]} Nxb6 {[%emt 0:29:36]} 24. Rxc5 {[%emt 0:00:00]} Rxa2 {[%emt 0:00:00]} 25. Rc6 {[%emt 0:00:00]} Qd7 {[%emt 0:00:00]} 26. Nc5 {[%emt 0:00:00]} Qd8 {[%emt 0:00:00]} 27. h3 {[%emt 0:00:00]} Bd7 {[%emt 0:00:00]} 28. Nxd7 {[%emt 0:00:00]} Qxd7 {[%emt 0:00:00]} 29. d6 {[%emt 0:00:00]} Kh8 {[%emt 0:00:00]} 30. Bc3 {[%emt 0:00:00]} cxd6 {[%emt 0:00:00]} 31. fxe5 {[%emt 0:00:00]} Rxf1+ {[%emt 0:00:00]} 32. Qxf1 {[%emt 0:00:00]} Qd8 {[%emt 0:01:30]} 33. Qd1 {[%emt 0:00:00]} d5 {[%emt 0:00:35]} 34. Rd6 {[%emt 0:00:00]} Qc7 {[%emt 0:00:55]} 35. Bd4 {[%emt 0:00:00]} Nc8 {[%emt 0:01:00]} 36. Rxd5 {[%emt 0:01:15]} Ne7 {[%emt 0:00:41]} 37. Rc5 {[%emt 0:02:54]} Qd8 {[%emt 0:00:15]} 38. e3 {[%emt 0:00:33]} Qf8 {[%emt 0:01:09]} 39. Qg4 {[%emt 0:01:38]} Qf2+ {[%emt 0:00:53]} 40. Kh2 {[%emt 0:00:05]} Ra8 {[%emt 0:00:49]} 41. e6 {[%emt 0:02:19]} Rg8 {[%emt 0:00:15]} 42. Rg5 {[%emt 0:00:12]} Qf8 {[%emt 0:00:26]} 43. h4 {[%emt 0:03:02]} Qb8+ {[%emt 0:00:28]} 44. Kh3 {[%emt 0:00:18]} Qf8 {[%emt 0:00:15]} 45. h5 {[%emt 0:00:51]} h6 {[%emt 0:00:01]} 46. Rxg7 {[%emt 0:00:41]} Rxg7 {[%emt 0:00:01]} 47. Be5 {[%emt 0:00:55]} Kg8 {[%emt 0:00:25]} 48. Bxg7 {[%emt 0:00:09]} Qxg7 {[%emt 0:00:01]} 49. Be4 {[%emt 0:00:23]} Kh8 {[%emt 0:00:40]} 50. Bg6 {[%emt 0:00:22]} Qf6 {[%emt 0:00:16]} 51. Bd3 {[%emt 0:00:41]} Qe5 {[%emt 0:00:29]} 52. Qd4 {[%emt 0:00:11]} Qg7 {[%emt 0:00:55]} 53. Qd8+ {[%emt 0:00:13]} Ng8 {[%emt 0:00:01]} 54. Bg6 {[%emt 0:00:47]} Qf8 {[%emt 0:03:30]} 55. Qxf8 {[%emt 0:00:06]} 1/2-1/2

[Event "Chile Championship Absolute 2022"]
[Site "Las Condes"]
[Date "2022.02.24"]
[Round "8.2"]
[White "Donoso Diaz, Sebastian"]
[Black "Bahamondes Ortiz, Benjamin"]
[Result "1/2-1/2"]
[WhiteElo "2212"]
[BlackElo "2164"]
[Annotator "RC"]
[PlyCount "102"]
[EventDate "2022.02.18"]
[EventType "tourn"]
[EventCountry "CHI"]
[SourceTitle "playchess.com"]
[Source "ChessBase"]
[SourceQuality "1"]
[TimeControl "5400+30"]

1. d4 {[%emt 0:05:12]} Nf6 {[%emt 0:00:04]} 2. Nf3 {[%emt 0:00:19]} e6 {[%emt 0:00:10]} 3. g3 {[%emt 0:00:31]} c5 {[%emt 0:00:11]} 4. Bg2 {[%emt 0:00:21]} cxd4 {[%emt 0:00:24]} 5. Nxd4 {[%emt 0:00:05]} d5 {[%emt 0:00:10]} 6. O-O {[%emt 0:01:12]} e5 {[%emt 0:00:43]} 7. Nb3 {[%emt 0:02:24]} Nc6 {[%emt 0:01:25]} 8. Bg5 {[%emt 0:04:02]} Be6 {[%emt 0:00:13]} 9. Nc3 {[%emt 0:01:07]} d4 {[%emt 0:01:53]} 10. Ne4 {[%emt 0:01:06]} Be7 {[%emt 0:05:15]} 11. Nec5 {[%emt 0:09:24]} Bxb3 {[%emt 0:12:56]} 12. Nxb7 {[%emt 0:21:00]} Qb6 {[%emt 0:00:24]} 13. cxb3 {[%emt 0:02:46]} Qxb7 {[%emt 0:08:19]} 14. Rc1 {[%emt 0:00:14]} Rc8 {[%emt 0:00:02]} 15. Qc2 {[%emt 0:00:34]} O-O {[%emt 0:00:16]} 16. Bxc6 {[%emt 0:00:15]} Qa6 {[%emt 0:07:00]} 17. Qc4 {[%emt 0:12:17]} Qxa2 {[%emt 0:03:16]} 18. Ra1 {[%emt 0:02:39]} Qxb2 {[%emt 0:00:09]} 19. Rxa7 {[%emt 0:00:16]} Bd6 {[%emt 0:05:18]} 20. Bxf6 {[%emt 0:07:49]} gxf6 {[%emt 0:00:04]} 21. Rd7 {[%emt 0:00:55]} Bb4 {[%emt 0:06:29]} 22. Rb7 {[%emt 0:07:02]} Bc3 {[%emt 0:03:55]} 23. b4 {[%emt 0:02:17]} Bxb4 {[%emt 0:03:33]} 24. Rxb4 {[%emt 0:03:57]} Rxc6 {[%emt 0:00:03]} 25. Qxc6 {[%emt 0:00:07]} Qxb4 {[%emt 0:00:04]} 26. Qxf6 {[%emt 0:00:08]} Re8 {[%emt 0:00:55]} 27. Qg5+ {[%emt 0:00:11]} Kh8 {[%emt 0:00:21]} 28. Rc1 {[%emt 0:03:25]} Qe7 {[%emt 0:00:27]} 29. Qf5 {[%emt 0:00:27]} Qe6 {[%emt 0:00:24]} 30. Qe4 {[%emt 0:00:10]} Qg6 {[%emt 0:00:49]} 31. Qb7 {[%emt 0:00:41]} Kg7 {[%emt 0:01:33]} 32. Rc7 {[%emt 0:00:02]} Qf5 {[%emt 0:04:54]} 33. Qd5 {[%emt 0:01:17]} Qe6 {[%emt 0:00:59]} 34. Qe4 {[%emt 0:02:02]} Qg6 {[%emt 0:00:18]} 35. Qb7 {[%emt 0:00:05]} Qf5 {[%emt 0:00:14]} 36. h3 {[%emt 0:00:41]} Re6 {[%emt 0:01:55]} 37. Qc8 {[%emt 0:05:08]} Qxh3 {[%emt 0:01:45]} 38. Re7 {[%emt 0:00:12]} Qf5 {[%emt 0:00:49]} 39. Rxe6 {[%emt 0:00:15]} Qxe6 {[%emt 0:00:26]} 40. Qd8 {[%emt 0:00:36]} Qf6 {[%emt 0:00:43]} 41. Qd7 {[%emt 0:00:02]} h6 {[%emt 0:02:10]} 42. Qd5 {[%emt 0:00:32]} Qg5 {[%emt 0:00:43]} 43. Kg2 {[%emt 0:00:17]} Qf5 {[%emt 0:00:33]} 44. Kg1 {[%emt 0:00:40]} Qe6 {[%emt 0:01:34]} 45. Qe4 {[%emt 0:00:50]} f5 {[%emt 0:00:29]} 46. Qb7+ {[%emt 0:00:02]} Kg6 {[%emt 0:01:04]} 47. Qb8 {[%emt 0:00:25]} e4 {[%emt 0:00:29]} 48. Qd8 {[%emt 0:00:09]} Qf6 {[%emt 0:03:33]} 49. Qg8+ {[%emt 0:00:18]} Qg7 {[%emt 0:00:58]} 50. Qe8+ {[%emt 0:00:06]} Kh7 {[%emt 0:00:54]} 51. Qc8 {[%emt 0:00:26]} Qf6 {[%emt 0:01:54]} 1/2-1/2

[Event "Chile Championship Absolute 2022"]
[Site "Las Condes"]
[Date "2022.02.24"]
[Round "8.3"]
[White "Olivares Olivares, Claudio"]
[Black "Salinas Herrera, Pablo Patricio"]
[Result "1/2-1/2"]
[WhiteElo "2380"]
[BlackElo "2517"]
[Annotator "TA"]
[PlyCount "60"]
[EventDate "2022.02.18"]
[EventType "tourn"]
[EventCountry "CHI"]
[SourceTitle "playchess.com"]
[Source "ChessBase"]
[SourceQuality "1"]

{[%evp 10,60,45,28,44,24,28,-7,-5,-4,-8,-6,16,19,23,23,18,19,28,33,28,22,21,22,22,22,30,28,31,0,11,-14,14,0,0,0,0,0,23,5,31,24,58,4,14,47,14,11,45,8,9,10,16]} 1. e4 e5 2. Nf3 Nc6 3. Bb5 a6 4. Ba4 Nf6 5. O-O d6 6. Re1 Bd7 {C79: Ruy Lopez: Steinitz-type lines with 3...a6 4 Ba4 Nf6 5 0-0 d6.} 7. c4 Be7 (7... Bg4 {looks sharper.} 8. d4 Nd7 9. Bxc6 bxc6 10. Be3 Be7) 8. d4 (8. Bxc6 {feels hotter.} bxc6 9. d4 exd4 10. Qxd4 c5 11. Qd3) 8... Nxd4 9. Nxd4 exd4 10. Bxd7+ Qxd7 ({Resist} 10... Kxd7 11. Qxd4 Kc8 12. Nc3 $16) 11. Qxd4 O-O 12. Nc3 {[#]} Rfe8 $146 ({Predecessor:} 12... Rfd8 13. b4 Qg4 14. Bb2 c5 15. bxc5 dxc5 16. Qe3 b6 17. Nd5 Nxd5 18. exd5 Bd6 {½-½ (28) Albesa,A-Pehl,F LSS email 2007}) 13. b3 Rad8 14. Bb2 c6 15. Ne2 Nh5 16. Qd3 Bf6 17. Bxf6 Nxf6 18. Ng3 Qe6 19. h3 h5 20. Rad1 g6 21. Re3 Qe5 22. Rde1 h4 23. Nf1 {[%cal Bg3f1,Bf1h2,Bh2f3,Bf3d4,Bd4f5][%mdl 32]} Nh5 24. Qd1 Re6 25. Nh2 Rde8 26. Qg4 ({White should play} 26. Nf3 $1 $14 Qf6 27. a4) 26... Qf4 27. Qxf4 Nxf4 28. Nf3 g5 29. Nd4 ({Much worse is} 29. Nxg5 Rg6 30. Rf3 Nh5 31. Nxf7 Rf8 $15) 29... Re5 30. Nf5 R8e6 {Weighted Error Value: White=0.12 (very precise) /Black=0.10 (very precise)} 1/2-1/2

[Event "Chile Championship Absolute 2022"]
[Site "Las Condes"]
[Date "2022.02.24"]
[Round "8.4"]
[White "Aguirre Contreras, Cristian Rodrigo"]
[Black "Lopez Silva, Hugo Andres"]
[Result "0-1"]
[WhiteElo "2261"]
[BlackElo "2407"]
[Annotator "RC"]
[PlyCount "92"]
[EventDate "2022.02.18"]
[EventType "tourn"]
[EventCountry "CHI"]
[SourceTitle "playchess.com"]
[Source "ChessBase"]
[SourceQuality "1"]
[TimeControl "5400+30"]

1. d4 {[%emt 0:00:02]} Nf6 {[%emt 0:25:59]} 2. c4 {[%emt 0:00:06]} g6 {[%emt 0:00:55]} 3. Nc3 {[%emt 0:00:04]} Bg7 {[%emt 0:00:12]} 4. e4 {[%emt 0:00:03]} d6 {[%emt 0:00:04]} 5. h3 {[%emt 0:00:12]} c5 {[%emt 0:00:30]} 6. d5 {[%emt 0:00:37]} O-O {[%emt 0:00:03]} 7. Nf3 {[%emt 0:01:17]} e6 {[%emt 0:00:02]} 8. Bd3 {[%emt 0:00:06]} exd5 {[%emt 0:00:04]} 9. cxd5 {[%emt 0:00:05]} Nh5 {[%emt 0:05:15]} 10. O-O {[%emt 0:02:22]} Nd7 {[%emt 0:00:03]} 11. Bg5 {[%emt 0:00:05]} Bf6 {[%emt 0:00:15]} 12. Be3 {[%emt 0:00:02]} a6 {[%emt 0:04:21]} 13. a4 {[%emt 0:00:07]} Re8 {[%emt 0:00:25]} 14. Re1 {[%emt 0:01:13]} Ne5 {[%emt 0:01:46]} 15. g4 {[%emt 0:00:09]} Ng7 {[%emt 0:02:47]} 16. Nxe5 {[%emt 0:02:23]} Bxe5 {[%emt 0:00:18]} 17. f4 {[%emt 0:00:08]} Bd4 {[%emt 0:05:07]} 18. Qf3 {[%emt 0:07:39]} f5 {[%emt 0:08:32]} 19. g5 {[%emt 0:14:26]} Bxc3 {[%emt 0:01:54]} 20. bxc3 {[%emt 0:01:39]} fxe4 {[%emt 0:00:05]} 21. Bxe4 {[%emt 0:00:18]} Bf5 {[%emt 0:03:44]} 22. Bd2 {[%emt 0:01:53]} Rxe4 {[%emt 0:01:47]} 23. Rxe4 {[%emt 0:00:08]} Bxe4 {[%emt 0:00:02]} 24. Qxe4 {[%emt 0:00:07]} Qd7 {[%emt 0:00:02]} 25. Qf3 {[%emt 0:04:07]} Re8 {[%emt 0:01:46]} 26. c4 {[%emt 0:04:53]} Nf5 {[%emt 0:03:57]} 27. Re1 {[%emt 0:07:25]} Rxe1+ {[%emt 0:13:14]} 28. Bxe1 {[%emt 0:01:01]} Qxa4 {[%emt 0:00:01]} 29. Qe4 {[%emt 0:01:41]} Qd7 {[%emt 0:00:06]} 30. Qd3 {[%emt 0:05:27]} Qe8 {[%emt 0:01:56]} 31. Bd2 {[%emt 0:00:56]} b5 {[%emt 0:00:21]} 32. cxb5 {[%emt 0:00:31]} axb5 {[%emt 0:00:02]} 33. Kf2 {[%emt 0:00:16]} b4 {[%emt 0:17:02]} 34. Bc1 {[%emt 0:03:28]} Qf7 {[%emt 0:01:26]} 35. Qb5 {[%emt 0:14:26]} Nd4 {[%emt 0:00:14]} 36. Qa6 {[%emt 0:01:03]} Qe8 {[%emt 0:01:58]} 37. Be3 {[%emt 0:01:07]} Nf5 {[%emt 0:00:02]} 38. Bc1 {[%emt 0:00:44]} Qe4 {[%emt 0:00:55]} 39. Qc8+ {[%emt 0:01:45]} Kf7 {[%emt 0:00:01]} 40. Qd7+ {[%emt 0:00:17]} Ne7 {[%emt 0:00:34]} 41. Qxd6 {[%emt 0:01:08]} Qc2+ {[%emt 0:00:20]} 42. Kf3 {[%emt 0:00:29]} Qxc1 {[%emt 0:00:40]} 43. Qe6+ {[%emt 0:01:23]} Kf8 {[%emt 0:00:02]} 44. Qf6+ {[%emt 0:03:00]} Ke8 {[%emt 0:00:01]} 45. d6 {[%emt 0:02:03]} Qf1+ {[%emt 0:00:12]} 46. Ke3 {[%emt 0:00:17]} Nd5+ {[%emt 0:00:00]} 0-1

[Event "Chile Championship Absolute 2022"]
[Site "Las Condes"]
[Date "2022.02.24"]
[Round "8.5"]
[White "Vergara Rozas, Jose Francisco"]
[Black "Vasquez Toledo, Cristian"]
[Result "1/2-1/2"]
[WhiteElo "2044"]
[BlackElo "2154"]
[Annotator "RC"]
[PlyCount "139"]
[EventDate "2022.02.18"]
[EventType "tourn"]
[EventCountry "CHI"]
[SourceTitle "playchess.com"]
[Source "ChessBase"]
[SourceQuality "1"]
[TimeControl "5400+30"]

1. e4 {[%emt 0:06:02]} c5 {[%emt 0:00:07]} 2. Nf3 {[%emt 0:00:05]} Nc6 {[%emt 0:00:03]} 3. d4 {[%emt 0:00:02]} cxd4 {[%emt 0:00:07]} 4. Nxd4 {[%emt 0:00:12]} e5 {[%emt 0:00:05]} 5. Nb5 {[%emt 0:00:05]} d6 {[%emt 0:00:05]} 6. N1c3 {[%emt 0:00:04]} a6 {[%emt 0:00:06]} 7. Na3 {[%emt 0:00:04]} Be7 {[%emt 0:00:12]} 8. Nd5 {[%emt 0:00:11]} Nf6 {[%emt 0:01:44]} 9. Nxe7 {[%emt 0:01:24]} Qxe7 {[%emt 0:00:07]} 10. Bg5 {[%emt 0:00:12]} Be6 {[%emt 0:13:16]} 11. Nc4 {[%emt 0:01:13]} Rd8 {[%emt 0:01:00]} 12. Ne3 {[%emt 0:00:27]} O-O {[%emt 0:01:11]} 13. c3 {[%emt 0:00:20]} h6 {[%emt 0:01:46]} 14. Bxf6 {[%emt 0:01:06]} Qxf6 {[%emt 0:00:30]} 15. g3 {[%emt 0:00:21]} Ne7 {[%emt 0:08:00]} 16. Bg2 {[%emt 0:00:31]} Rd7 {[%emt 0:00:27]} 17. O-O {[%emt 0:00:18]} Rfd8 {[%emt 0:01:31]} 18. c4 {[%emt 0:00:34]} b5 {[%emt 0:01:32]} 19. cxb5 {[%emt 0:02:11]} axb5 {[%emt 0:00:11]} 20. Qe2 {[%emt 0:02:20]} Rb7 {[%emt 0:06:06]} 21. Rfd1 {[%emt 0:01:29]} Nc6 {[%emt 0:01:25]} 22. Qd2 {[%emt 0:03:07]} Ra7 {[%emt 0:05:48]} 23. Nd5 {[%emt 0:19:56]} Bxd5 {[%emt 0:01:14]} 24. Qxd5 {[%emt 0:00:03]} Nd4 {[%emt 0:00:26]} 25. a3 {[%emt 0:00:58]} Rc7 {[%emt 0:01:04]} 26. a4 {[%emt 0:17:10]} Rc2 {[%emt 0:55:27]} 27. Rf1 {[%emt 0:01:48]} bxa4 {[%emt 0:00:00]} 28. Rxa4 {[%emt 0:00:09]} Rxb2 {[%emt 0:00:00]} 29. Ra8 {[%emt 0:01:53]} Rxa8 {[%emt 0:00:00]} 30. Qxa8+ {[%emt 0:00:07]} Kh7 {[%emt 0:00:00]} 31. Qa3 {[%emt 0:00:57]} Rc2 {[%emt 0:00:00]} 32. Qd3 {[%emt 0:01:20]} Qe6 {[%emt 0:00:00]} 33. Qa6 {[%emt 0:02:18]} g5 {[%emt 0:00:00]} 34. h3 {[%emt 0:05:35]} Kg7 {[%emt 0:00:00]} 35. Qd3 {[%emt 0:02:12]} Qf6 {[%emt 0:00:00]} 36. Qd1 {[%emt 0:00:51]} Re2 {[%emt 0:00:00]} 37. Qb1 {[%emt 0:03:25]} h5 {[%emt 0:00:00]} 38. Qd3 {[%emt 0:00:07]} Kh6 {[%emt 0:00:00]} 39. Qa3 {[%emt 0:00:49]} g4 {[%emt 0:00:00]} 40. h4 {[%emt 0:00:12]} Kg7 {[%emt 0:00:00]} 41. Qd3 {[%emt 0:00:23]} Qg6 {[%emt 0:00:00]} 42. Ra1 {[%emt 0:01:53]} Kh7 {[%emt 0:00:00]} 43. Rd1 {[%emt 0:00:22]} Qf6 {[%emt 0:00:00]} 44. Rf1 {[%emt 0:00:05]} Kg7 {[%emt 0:00:00]} 45. Qa3 {[%emt 0:00:33]} Rc2 {[%emt 0:00:00]} 46. Qe3 {[%emt 0:00:17]} Rb2 {[%emt 0:00:00]} 47. Qa3 {[%emt 0:01:01]} Rb3 {[%emt 0:00:00]} 48. Qa8 {[%emt 0:01:12]} Ne2+ {[%emt 0:00:00]} 49. Kh2 {[%emt 0:01:13]} Nd4 {[%emt 0:04:06]} 50. Qa6 {[%emt 0:02:32]} Nf3+ {[%emt 0:03:28]} 51. Bxf3 {[%emt 0:00:16]} Qxf3 {[%emt 0:00:19]} 52. Qxd6 {[%emt 0:01:00]} Qxe4 {[%emt 0:00:10]} 53. Qd2 {[%emt 0:00:40]} Qf5 {[%emt 0:00:20]} 54. Re1 {[%emt 0:23:55]} Rf3 {[%emt 0:01:28]} 55. Kg1 {[%emt 0:00:00]} Qf6 {[%emt 0:02:57]} 56. Qb2 {[%emt 0:00:00]} Rf5 {[%emt 0:00:33]} 57. Qd2 {[%emt 0:00:00]} Kg6 {[%emt 0:00:59]} 58. Qd3 {[%emt 0:00:00]} Kg7 {[%emt 0:00:16]} 59. Qd2 {[%emt 0:00:00]} Qe6 {[%emt 0:00:21]} 60. Qe3 {[%emt 0:00:00]} Qa2 {[%emt 0:01:00]} 61. Rc1 {[%emt 0:00:00]} Qd5 {[%emt 0:00:45]} 62. Re1 {[%emt 0:00:00]} Kg6 {[%emt 0:00:17]} 63. Rb1 {[%emt 0:00:00]} Qd4 {[%emt 0:00:51]} 64. Rb6+ {[%emt 0:00:00]} f6 {[%emt 0:00:09]} 65. Qxd4 {[%emt 0:00:00]} exd4 {[%emt 0:00:02]} 66. Rd6 {[%emt 0:00:00]} Re5 {[%emt 0:00:45]} 67. Rxd4 {[%emt 0:00:00]} Re6 {[%emt 0:00:12]} 68. Kg2 {[%emt 0:00:00]} Ra6 {[%emt 0:00:12]} 69. Rb4 {[%emt 0:00:00]} Ra3 {[%emt 0:00:28]} 70. Rb8 {[%emt 0:00:00]} 1/2-1/2

[Event "Chile Championship Absolute 2022"]
[Site "Las Condes"]
[Date "2022.02.24"]
[Round "8.6"]
[White "Diaz Vasquez, Martin"]
[Black "Diaz Villagran, Robert"]
[Result "1-0"]
[WhiteElo "2253"]
[BlackElo "2318"]
[Annotator "RC"]
[PlyCount "101"]
[EventDate "2022.02.18"]
[EventType "tourn"]
[EventCountry "CHI"]
[SourceTitle "playchess.com"]
[Source "ChessBase"]
[SourceQuality "1"]
[TimeControl "5400+30"]

1. d4 {[%emt 0:00:27]} Nf6 {[%emt 0:01:49]} 2. c4 {[%emt 0:00:15]} g6 {[%emt 0:04:21]} 3. Nf3 {[%emt 0:00:28]} Bg7 {[%emt 0:00:13]} 4. g3 {[%emt 0:00:10]} O-O {[%emt 0:00:27]} 5. Bg2 {[%emt 0:00:06]} d6 {[%emt 0:00:11]} 6. O-O {[%emt 0:00:09]} Nc6 {[%emt 0:01:43]} 7. d5 {[%emt 0:01:47]} Nb8 {[%emt 0:05:04]} 8. Nc3 {[%emt 0:00:44]} e5 {[%emt 0:00:14]} 9. dxe6 {[%emt 0:00:44]} fxe6 {[%emt 0:00:13]} 10. Qc2 {[%emt 0:02:42]} Nc6 {[%emt 0:07:03]} 11. Rd1 {[%emt 0:02:28]} Qe7 {[%emt 0:00:12]} 12. h3 {[%emt 0:09:04]} Kh8 {[%emt 0:11:13]} 13. e4 {[%emt 0:04:19]} Nd7 {[%emt 0:06:18]} 14. Be3 {[%emt 0:11:17]} Nc5 {[%emt 0:05:33]} 15. Rab1 {[%emt 0:05:45]} a5 {[%emt 0:06:14]} 16. Kh2 {[%emt 0:09:02]} Bd7 {[%emt 0:09:46]} 17. b3 {[%emt 0:07:09]} Be8 {[%emt 0:02:23]} 18. Rbc1 {[%emt 0:01:03]} a4 {[%emt 0:11:03]} 19. e5 {[%emt 0:12:20]} Nxe5 {[%emt 0:09:24]} 20. Nxe5 {[%emt 0:00:31]} axb3 {[%emt 0:00:11]} 21. axb3 {[%emt 0:03:55]} Bxe5 {[%emt 0:00:03]} 22. b4 {[%emt 0:02:14]} Na4 {[%emt 0:06:01]} 23. Nb5 {[%emt 0:02:31]} Bxb5 {[%emt 0:04:38]} 24. cxb5 {[%emt 0:00:03]} Nc3 {[%emt 0:00:02]} 25. Rd3 {[%emt 0:01:38]} Nxb5 {[%emt 0:02:01]} 26. Bxb7 {[%emt 0:00:25]} Rab8 {[%emt 0:00:09]} 27. Bc6 {[%emt 0:00:43]} Rf7 {[%emt 0:00:01]} 28. Qa4 {[%emt 0:00:51]} Nd4 {[%emt 0:04:11]} 29. Rxd4 {[%emt 0:03:10]} Bxd4 {[%emt 0:00:35]} 30. Bxd4+ {[%emt 0:00:02]} Kg8 {[%emt 0:00:10]} 31. b5 {[%emt 0:01:03]} Qg5 {[%emt 0:00:06]} 32. Re1 {[%emt 0:01:29]} Qf5 {[%emt 0:00:26]} 33. Qc4 {[%emt 0:01:24]} e5 {[%emt 0:01:06]} 34. Ba7 {[%emt 0:01:36]} Kg7 {[%emt 0:00:11]} 35. Bd5 {[%emt 0:01:30]} Re7 {[%emt 0:00:00]} 36. f4 {[%emt 0:04:18]} Rf8 {[%emt 0:00:14]} 37. Bg1 {[%emt 0:02:07]} Rd8 {[%emt 0:00:48]} 38. Rf1 {[%emt 0:02:52]} Rf8 {[%emt 0:01:09]} 39. Kg2 {[%emt 0:07:39]} h5 {[%emt 0:00:50]} 40. Be4 {[%emt 0:00:00]} Qf6 {[%emt 0:00:01]} 41. f5 {[%emt 0:00:00]} gxf5 {[%emt 0:00:17]} 42. Rxf5 {[%emt 0:00:00]} Qh6 {[%emt 0:00:00]} 43. Rxf8 {[%emt 0:00:00]} Kxf8 {[%emt 0:00:01]} 44. Qe2 {[%emt 0:00:00]} h4 {[%emt 0:00:45]} 45. Be3 {[%emt 0:00:00]} Qg7 {[%emt 0:00:01]} 46. g4 {[%emt 0:00:46]} Rd7 {[%emt 0:00:42]} 47. Bd5 {[%emt 0:00:38]} Qg6 {[%emt 0:00:12]} 48. Qf2+ {[%emt 0:00:25]} Kg7 {[%emt 0:00:07]} 49. Qxh4 {[%emt 0:00:22]} Qc2+ {[%emt 0:00:00]} 50. Kg3 {[%emt 0:00:46]} Qg6 {[%emt 0:00:01]} 51. Qg5 {[%emt 0:00:21]} 1-0